00425nam a2200145Ia 4500008004100000020001800041082000800059100002400067245001900091260003000110300002000140942001700160952008700177999001500264250813s9999 xx 000 0 und d a9789389567182 aSHA aWilliam Shakespeare 0aAs you like it aIndiabPrakash Bookc2019 a167 P. ; 15 cm. iSHAcAD6SHA 94934aKFPLbKFPLcENGd2025-08-13l0oSHApKL-2024-002388r2025-08-13 14:07:04yAD c4692d4692